| 000 | 00649nam a22001937a 4500 | ||
|---|---|---|---|
| 005 | 20251108171206.0 | ||
| 008 | 250721s9999 xx 000 0 ara d | ||
| 082 | 1 | 4 | _aط/ 372.21/رات |
| 100 | 1 | _aراتب، نيفين | |
| 245 | 1 | 0 | _aمشغول / |
| 264 | 1 |
_aبيروت : _bدار أصالة للنشر و التوزيع، |
|
| 490 | 0 |
_aكلمة كلمة : المر حلة الأولى _v4 |
|
| 650 | 1 | 7 | _aتعليم القراءة |
| 650 | 1 | 7 | _aالتعليم ما قبل المدرسة |
| 653 | _aأطفال ما قبل المدرسة (0-5 سنوات) | ||
| 700 | 1 |
_aالسيد، شريف _eCart. |
|
| 942 |
_2ddc _cBK |
||
| 999 |
_c58970 _d58970 |
||